[Event "Chess Champions League"]
[Site "Vitoria Gasteiz"]
[Date "2007.11.13"]
[Round "9"]
[White "Kasimdzhanov, Rustam"]
[Black "Karpov, Anatoly"]
[Result "1-0"]
[WhiteElo "2690"]
[BlackElo "2670"]
[Annotator "Postny,E"]
[PlyCount "65"]
[EventDate "2007.11.02"]
[EventType "tourn"]
[EventRounds "10"]
[EventCountry "ESP"]
[EventCategory "19"]
[SourceTitle "CBM 122"]
[Source "ChessBase"]
[SourceDate "2008.01.30"]
[SourceVersion "1"]
[SourceVersionDate "2008.01.30"]
[SourceQuality "1"]

1. d4 Nf6 2. c4 e6 3. Nc3 Bb4 4. Qc2 d5 5. a3 Bxc3+ 6. Qxc3 Ne4 7. Qc2 c5 8.
dxc5 Nc6 9. cxd5 exd5 10. e3 {A rare move. Usually, White starts with 10.Nf3.
But, Kasimdzhanov has his own approach to this line. The move in the text
keeps a possibility for White to develop the knight to e2.} ({One of the main
lines is} 10. Nf3 Bf5 (10... Qa5+ 11. Bd2 Qxc5 {is not enough for equality.})
11. b4 d4 12. g4 Bg6 {This has appeared at the top level as well.}) 10... Qa5+
(10... Bf5 11. Bd3 Ne5 (11... Qg5 12. f3 Qh4+ 13. Kf1 Ng3+ 14. hxg3 Bxd3+ 15.
Qxd3 Qxh1 16. b4 O-O 17. Bb2 Rfe8 18. Kf2 Qh6 19. Ne2 $44 {1/2-1/2
Kasimdzhanov,R (2683)-Aronian,L (2750)/Mainz 2007/CBM 120 (35)}) 12. Nf3 Nxd3+
13. Qxd3 Ng3 14. e4 $1 Nxe4 (14... Bxe4 $4 15. Qb5+ $18) 15. O-O O-O 16. Qd4
Qf6 17. Qxf6 Nxf6 18. Nd4 Bg6 19. Bf4 $14 {1/2-1/2 Kasimdzhanov,R (2682)
-Asrian,K (2634)/France 2007/CBM 116 ext (44)}) 11. b4 $5 (11. Bd2 Nxd2 12.
Qxd2 {Compared to the variation 10.Nf3, here White can't recapture with the
knight.} Qxc5 {Black has no problems. White needs a lot of time to complete
his kingside development.}) 11... Nxb4 12. axb4 Qxa1 13. Bb5+ Kf8 (13... Bd7 $6
14. Bxd7+ Kxd7 15. Ne2 {Black's king is very unsafe.}) 14. Ne2 a5 $2 {This
pawn needs to move, but actually this is a serious mistake. Opening the a-file
does not prevent a smooth development of White's initiative.} ({Just a few
days later the same opponents met in the World blitz championship, but this
time Karpov came up with an improvement:} 14... a6 $1 15. Bd3 Bd7 {[%cal Gd7a4]
} 16. f3 Ba4 {White's queen is trapped for an exchange. Therefore, the whole
line is not promising for White.} 17. Qb2 Qxb2 18. Bxb2 Ng5 {White's
compensation for an exchange might be sufficient for equality at best.} 19. Kd2
Rc8 20. Ra1 Bd7 21. Nf4 Bc6 22. Bf5 Re8 23. Ne2 Ne6 24. h4 h5 25. Be5 Rh6 26.
Bd6+ Kg8 27. Bd3 Rd8 28. Be7 Re8 29. Bd6 Rd8 30. Be7 Re8 31. Bd6 {1/2-1/2
Kasimdzhanov,R (2690)-Karpov,A (2670)/Moscow 2007/EXT 2008}) 15. f3 Nf6 (15...
Ng5 16. O-O (16. e4 $6 Ne6 17. exd5 Nd4 18. Nxd4 Qxd4 $13) 16... Qf6 17. Nf4 {
with an overwhelming initiative.}) 16. O-O Qe5 (16... axb4 17. Bb2 Qa7 18. Ra1
Qb8 {looks very awkward, but was the least of the evils for Black.} (18...
Qxa1+ 19. Bxa1 Rxa1+ 20. Kf2 $16)) 17. e4 $1 {Opening the diagonal for the
dark-squared bishop.} dxe4 18. Bf4 Qf5 19. g4 $1 Qg6 20. Qd2 Be6 (20... Bxg4
21. Bd6+ Kg8 22. Nf4 {does not save Black. White's pieces are excellently
coordinated.}) {[%tqu "En","Please enter a move for White.","","","f4b8","A
nice touch.",10]} 21. Bb8 $1 {[%cal Gd2d6] A nice touch.} Nd5 {This move loses
by force, though the alternatives are not much better.} (21... Bd7 22. Nf4 Qh6
23. Qd6+ Kg8 24. Bc4 $18) (21... Bd5 22. Nf4 Qh6 23. Be5 (23. Bd6+ $2 Kg8 24.
Nxd5 Qxd2 25. Ne7+ Kf8 26. Ng6+ {is only a perpetual check.}) 23... Bc6 24. Bc4
$1 {with a strong attack.}) 22. Nf4 Qh6 23. Nxe6+ Qxe6 (23... fxe6 24. fxe4+
$18 {Check!}) 24. Bd6+ Kg8 25. Bc4 $18 exf3 26. Bxd5 Qxg4+ 27. Kh1 axb4 {
After losing the knight, Black is still materially ahead, but all his extra
pawns are of no significance. White's bishops are so powerful, that the final
assault against the black monarch is as fast as it is easy.} 28. Bxf3 Qc4 29.
Qg2 h5 30. Bd5 Qg4 31. Bxf7+ Kh7 32. Qc2+ g6 33. Bxg6+ $1 {[%mdl 128] Well
played by Kasimdzhanov!} (33. Bxg6+ Qxg6 34. Rf7+ Kh6 35. Bf4+ {mating.}) 1-0

[Event "Nalchik FIDE GP"]
[Site "Nalchik"]
[Date "2009.04.19"]
[Round "5"]
[White "Ivanchuk, Vassily"]
[Black "Kasimdzhanov, Rustam"]
[Result "0-1"]
[WhiteElo "2746"]
[BlackElo "2695"]
[PlyCount "50"]
[EventDate "2009.04.15"]
[EventType "tourn"]
[EventRounds "13"]
[EventCountry "RUS"]
[EventCategory "19"]
[SourceTitle "CBM 130"]
[Source "ChessBase"]
[SourceDate "2009.05.20"]
[SourceVersion "1"]
[SourceVersionDate "2009.05.20"]
[SourceQuality "1"]

1. c4 e6 2. Nc3 d5 3. d4 Be7 4. cxd5 exd5 5. Bf4 Nf6 6. e3 Bf5 7. Qb3 Nc6 8. a3
Na5 9. Qa2 O-O 10. Nf3 c5 11. dxc5 Bxc5 12. Be5 Be6 13. Bd4 Bxd4 14. Nxd4 Nc6
15. Nxe6 fxe6 16. Be2 Qe7 17. O-O Rac8 18. Rac1 Kh8 19. Rfd1 Nd7 20. Rd2 Nde5
21. Qb3 Qf7 22. Bf1 d4 23. Na2 Ng4 24. Rdc2 dxe3 25. fxe3 Na5 0-1

[Event "TUR-chT"]
[Site "Konya"]
[Date "2011.07.01"]
[Round "4"]
[White "Kasimdzhanov, Rustam"]
[Black "Miroshnichenko, Evgenij"]
[Result "1-0"]
[WhiteElo "2685"]
[BlackElo "2651"]
[PlyCount "67"]
[EventDate "2011.06.28"]
[EventType "team-swiss"]
[EventRounds "13"]
[EventCountry "TUR"]
[SourceTitle "CBM 143 Extra"]
[Source "ChessBase"]
[SourceDate "2011.08.29"]
[SourceVersion "1"]
[SourceVersionDate "2011.08.29"]
[SourceQuality "1"]
[WhiteTeam "Isek Aquamatch"]
[BlackTeam "Adana Truva"]
[WhiteTeamCountry "TUR"]
[BlackTeamCountry "TUR"]

1. d4 f5 2. Nf3 Nf6 3. g3 g6 4. Bg2 Bg7 5. O-O O-O 6. c4 d6 7. Nc3 Qe8 8. b3 e5
9. dxe5 dxe5 10. e4 Nc6 11. Nd5 Rf7 12. Ng5 Rd7 13. exf5 gxf5 14. Bb2 h6 15.
Nxf6+ Bxf6 16. Bd5+ Kg7 17. Nf3 e4 18. Bxf6+ Kxf6 19. Nh4 Re7 20. Bxc6 Qxc6 21.
Qh5 Kg7 22. Nxf5+ Bxf5 23. Qxf5 Qf6 24. Qxf6+ Kxf6 25. Rad1 a5 26. Rfe1 a4 27.
b4 a3 28. Rd4 Ra4 29. c5 Kf5 30. f3 e3 31. Kf1 b6 32. cxb6 cxb6 33. Ke2 Rc7 34.
Kd3 1-0

[Event "TUR-chT"]
[Site "Konya"]
[Date "2011.07.05"]
[Round "9"]
[White "Kasimdzhanov, Rustam"]
[Black "Parligras, Mircea Emilian"]
[Result "1-0"]
[WhiteElo "2685"]
[BlackElo "2626"]
[PlyCount "81"]
[EventDate "2011.06.28"]
[EventType "team-swiss"]
[EventRounds "13"]
[EventCountry "TUR"]
[SourceTitle "CBM 143 Extra"]
[Source "ChessBase"]
[SourceDate "2011.08.29"]
[SourceVersion "1"]
[SourceVersionDate "2011.08.29"]
[SourceQuality "1"]
[WhiteTeam "Isek Aquamatch"]
[BlackTeam "Deniz Genclik"]
[WhiteTeamCountry "TUR"]
[BlackTeamCountry "TUR"]

1. d4 Nf6 2. c4 e6 3. Nf3 b6 4. g3 Bb7 5. Bg2 Be7 6. O-O O-O 7. Re1 a5 8. Bg5
d6 9. Qd3 Be4 10. Qe3 Bb7 11. Nc3 h6 12. Bxf6 Bxf6 13. Rad1 Nd7 14. Qd2 d5 15.
cxd5 exd5 16. Qf4 a4 17. a3 Ra5 18. Qd2 Re8 19. e3 Nf8 20. Ne5 Bxe5 21. dxe5
Rxe5 22. e4 Re8 23. exd5 Rxe1+ 24. Qxe1 Qd7 25. Rd4 Ng6 26. Qd1 b5 27. Qe2 Ne7
28. Re4 Kf8 29. Re3 Nc8 30. Qd3 Kg8 31. Qe4 Nd6 32. Qe7 Qc8 33. Bf1 Ra8 34.
Bxb5 Bxd5 35. Nxd5 Nxb5 36. Qe4 Qa6 37. Qc4 Rd8 38. Re1 Qa5 39. Re7 Kf8 40. Re5
Kg8 41. Ne7+ 1-0

[Event "TUR-chT"]
[Site "Konya"]
[Date "2011.07.06"]
[Round "10"]
[White "Gurevich, Mikhail"]
[Black "Kasimdzhanov, Rustam"]
[Result "0-1"]
[WhiteElo "2617"]
[BlackElo "2685"]
[PlyCount "56"]
[EventDate "2011.06.28"]
[EventType "team-swiss"]
[EventRounds "13"]
[EventCountry "TUR"]
[SourceTitle "CBM 143 Extra"]
[Source "ChessBase"]
[SourceDate "2011.08.29"]
[SourceVersion "1"]
[SourceVersionDate "2011.08.29"]
[SourceQuality "1"]
[WhiteTeam "Yapi Kredi"]
[BlackTeam "Isek Aquamatch"]
[WhiteTeamCountry "TUR"]
[BlackTeamCountry "TUR"]

1. d4 Nf6 2. c4 g6 3. Nc3 d5 4. Bg5 Bg7 5. Nf3 Ne4 6. Bh4 Nxc3 7. bxc3 dxc4 8.
e3 b5 9. Nd2 a6 10. a4 c6 11. Be2 O-O 12. O-O Qc7 13. f4 Nd7 14. f5 Nf6 15. e4
gxf5 16. Bxf6 exf6 17. Qe1 Re8 18. Qh4 fxe4 19. Nxe4 f5 20. Ng3 Qe7 21. Qxe7
Rxe7 22. Bf3 b4 23. Bxc6 Rb8 24. Nxf5 Bxf5 25. Rxf5 bxc3 26. Rc1 Bxd4+ 27. Kf1
c2 28. Rf4 Rb1 0-1

[Event "FIDE World Cup"]
[Site "Khanty-Mansiysk"]
[Date "2011.08.28"]
[Round "1.1"]
[White "Nisipeanu, Liviu Dieter"]
[Black "Kasimdzhanov, Rustam"]
[Result "0-1"]
[WhiteElo "2641"]
[BlackElo "2669"]
[Annotator "Krasenkow,M"]
[PlyCount "92"]
[EventDate "2011.08.28"]
[EventType "k.o."]
[EventRounds "7"]
[EventCountry "RUS"]
[SourceTitle "CBM 145"]
[Source "ChessBase"]
[SourceDate "2011.11.11"]
[SourceVersion "1"]
[SourceVersionDate "2011.11.11"]
[SourceQuality "1"]

1. d4 Nf6 2. c4 g6 3. Nc3 d5 4. Bg5 Ne4 5. Bh4 Nxc3 6. bxc3 dxc4 7. e3 Be6 8.
Nf3 Bg7 9. Be2 O-O 10. O-O c5 11. Rb1 b6 (11... Bd5 {and}) (11... cxd4 {
- see two games Gelfand-Kamsky in CBM 143}) (11... Nd7 {was seen in
Nielsen-Howell (see CBM 138)}) 12. Qc2 (12. dxc5 {is harmless due to} Nd7 $1 {
, e.g.} 13. cxb6 (13. Nd4 Nxc5 14. Nxe6 Nxe6 15. Bxc4 Bf6 16. Bxf6 exf6 17. Qa4
Qe7 $11 {1/2 Bu Xiangzhi (2662)-Zhou Jianchao (2636)/Danzhou 2011/CBM 143 (31)}
) (13. c6 Nf6 14. Nd4 Bd5 15. Bf3 Rc8 $11 16. Bg3 $6 Ne4 17. Nb5 Nxg3 18. hxg3
Bxf3 19. Qxf3 a6 20. c7 Qe8 21. Nd4 e5 22. Nc2 e4 23. Qf4 b5 $15 {1-0 Delchev,
A (2625)-Le Roux,J (2512)/France 2010/CBM 135 Extra (55)}) 13... Nxb6 14. Nd4
Bd5 15. f3 Qc7 16. e4 Bc6 17. Bf2 Rfd8 18. Qc1 Ba4 19. Be3 Rac8 20. Rb2 Be8 $11
{0-1 Maletin,P (2636)-Smirnov,P (2518)/Belgorod 2010/CBM 139 (40)}) (12. Qa4
Qd7 13. Qxd7 Nxd7 14. Bxe7 Rfe8 15. Bh4 Rac8 16. Rfe1 h6 17. Bg3 cxd4 18. Nxd4
Nc5 19. Nxe6 Nxe6 20. Rec1 Red8 21. Rb4 Rd2 22. Bxc4 a5 23. Bxe6 Rxc3 $1 24.
Rc4 fxe6 $11 {1/2 Vitiugov,N (2709)-Svidler,P (2731)/Khanty Mansiysk 2010/CBM
139 (33)}) 12... Nc6 (12... cxd4 13. cxd4 (13. Nxd4 Qd7 14. Rfd1 Nc6 15. Nxc6
Qxc6 16. Bf3 Qc5 17. Bxa8 Rxa8 $44) 13... Nd7 14. Ng5 Bd5 15. e4 Bb7 16. Bxc4
h6 17. Nf3 Rc8 18. Qe2 Rxc4 $1 19. Qxc4 Bxe4 20. Rbe1 Nf6 21. Re3 Qa8 $44 {
1/2 Gupta,A (2590)-Areshchenko,A (2671)/New Delhi 2011/CBM 140 Extra (38)}) 13.
Rfd1 (13. dxc5 bxc5 14. Ng5 Bf5 15. e4 Bd7 16. Bxc4 Ne5 17. Bd5 Bc6 18. Rfd1
Qc8 19. f4 Bxd5 20. Rxd5 Nc4 21. Qf2 Nb6 22. Rxc5 Qd7 $44 {[%csl Rc3] 1-0
Kazhgaleyev,M (2637)-De Jong,J (2437)/Wijk aan Zee 2011/CBM 141 (61)}) 13...
cxd4 14. cxd4 Bf5 $5 15. e4 Bg4 16. d5 Na5 17. d6 Bf6 18. Bxf6 exf6 {It turns
out that Black has kept an extra pawn without full compensation for White.} 19.
Nd4 Bd7 20. Nb5 Rc8 21. Nc7 $6 (21. Nxa7 $142 Rc5 22. a4 f5 $132) 21... Nb7 22.
Rd4 Nxd6 23. Na6 Qe7 24. Rbd1 Bb5 25. Nb4 Ne8 26. Nd5 Qa3 27. Bxc4 Kg7 {
, and after overcoming all technical problems Black finally brings home his
advantage:} 28. Qd3 Qxd3 29. Bxd3 Nc7 30. Nxc7 Bxd3 31. Rd7 (31. R1xd3 Rxc7 $17
) 31... Be2 32. Re1 Bg4 33. Re7 Rfd8 34. h3 Kf8 35. Nd5 Bd7 36. g4 b5 37. Kg2
Rc2 38. a3 a5 39. Kg3 Rc5 40. Re3 b4 41. axb4 axb4 42. Rxd7 Rxd7 43. Nxb4 f5
44. gxf5 gxf5 45. f3 Rd4 46. Nd5 $2 Rcxd5 0-1

[Event "EU-Cup 27th"]
[Site "Rogaska Slatina"]
[Date "2011.10.01"]
[Round "7"]
[White "Kasimdzhanov, Rustam"]
[Black "Nisipeanu, Liviu Dieter"]
[Result "1-0"]
[WhiteElo "2678"]
[BlackElo "2638"]
[Annotator "Mikhalchishin,A"]
[PlyCount "79"]
[EventDate "2011.09.25"]
[EventType "team-swiss"]
[EventRounds "7"]
[EventCountry "SLO"]
[SourceTitle "CBM 145"]
[Source "ChessBase"]
[SourceDate "2011.11.11"]
[SourceVersion "1"]
[SourceVersionDate "2011.11.11"]
[SourceQuality "1"]
[WhiteTeam "SOCAR"]
[BlackTeam "Baden-Baden"]
[WhiteTeamCountry "AZE"]
[BlackTeamCountry "GER"]

1. d4 Nf6 2. c4 g6 3. Nc3 Bg7 4. e4 d6 5. Nf3 O-O 6. Be2 e5 7. O-O Nc6 8. d5
Ne7 9. Nd2 a5 10. a3 Nd7 11. Rb1 f5 12. b4 Kh8 13. f3 axb4 14. axb4 c6 15. Kh1
$1 {GM Beliavsky invented this move. There is also another possible try to
solve the problem of the diagonal:} (15. Rf2 Nf6 16. Nf1 cxd5 17. cxd5 f4 18.
Bd2 g5 19. Be1 Rg8 20. Ra1 Rxa1 21. Qxa1 g4 22. Qa5 $14) 15... Nf6 16. Nb3 ({
It is worse to try} 16. Bb2 $5 {/\ c5}) 16... cxd5 ({It is much weaker is to
close the centre immediately:} 16... f4 17. dxc6 $1 bxc6 18. b5 d5 19. Nc5 $1
Rb8 20. Ba3 d4 21. N3a4 Ne8 22. Na6 $1 Ra8 $2 (22... Bxa6 23. bxa6 $16) 23.
Bxe7 Qxe7 24. Nb6 {1-0 Beliavsky,A (2667)-Enders,P (2478)/Deutschland 2004})
17. cxd5 f4 ({Black did not achieve equality with a typical knight manoevre:} 
17... Neg8 18. Na5 $5 (18. Be3 Bh6 19. Bxh6 {was better.} (19. Qd2 Bxe3 20.
Qxe3 Nh5 21. Na5 Nf4 22. Ra1) 19... Nxh6 20. Qd2 Nf7 21. Ra1 Rxa1 22. Rxa1 fxe4
23. Nxe4 Nxe4 24. fxe4 Qh4 {1-0 Beliavsky,A (2656)-Rudolf,H (2353)/Ohrid 2009.
With black counterplay.}) 18... Nh5 19. Be3 Bh6 20. Bf2 $14) 18. Na5 ({With
direct ideas Beliavsky obtained a serious advantage in two games:} 18. Nb5 g5
19. Qc2 Ne8 20. Bd2 Bd7 21. Ra1 Rc8 $146 (21... Rb8) (21... Ra6) 22. Qb1 $5 (
22. Qa2 $14) 22... h5 23. Na7 $1 Ra8 24. b5 g4 (24... Qb6 25. Ba5 $1 Qxa7 26.
Bc7 $18) 25. Ba5 b6 26. Be1 g3 27. hxg3 Ng6 28. Nc6 Rxa1 29. Qxa1 Qg5 30. Qc1
$1 $16 {[ /\ Nb8 +-]} Nf6 31. gxf4 exf4 (31... Nxf4 32. g3 $18) 32. Nbd4 (32.
Qa3 $5) 32... h4 33. Ne6 (33. Qa3 $5) 33... Bxe6 34. dxe6 Nh5 (34... d5 35. Bd3
$16) 35. Rf2 $1 {Beliavsky,A (2667)-Radjabov,T (2650)/Plovdiv 2003}) (18. Bd2
g5 19. Na5 (19. Be1) 19... Nh5 (19... h5 20. Nc4 g4 21. Ra1 $36) 20. Be1 Rf6
21. Nc4 Bd7 22. Bf2 Nc8 23. Ra1 Rxa1 $6 ({The only chance to complicate the
game was} 23... Rb8 $1 $132) 24. Qxa1 Qe8 25. Kg1 $1 Rh6 26. Qa8 {1-0
Beliavsky,A (2667)-Vajda,L (2482)/Magyarorszag 2004. And the white threats are
more serious than the black ones.}) 18... Nh5 19. Qe1 ({The king retreat} 19.
Kg1 {is possible, but not very logical:} Bf6 20. Bd2 Bh4 21. Be1 Ng3 22. Rf2
Nxe2+ 23. Rxe2 Bxe1 24. Qxe1 g5 25. h3 Ng6 26. Nd1 h5 27. Nf2 Nh4 28. Rc2 g4
29. hxg4 hxg4 30. fxg4 Qg5 31. Rb3 $2 (31. Qd1 {still kept the advantage})
31... Bxg4 32. Nxg4 Qxg4 {0-1 Lputian,S (2640)-Nataf,I (2559)/Warsaw 2005. The
white king is in danger.}) 19... Bf6 20. Nc4 Nf5 $6 {A piece sacrifice - a big
novelty, but a very, very dubious one. In his career Nisipeanu has come up
with many fantastic ideas, but here we have the impression that it is one big
bluff.} 21. exf5 Bh4 (21... Bxf5 22. Ne4 Bh4 23. Qd2 $1) 22. Qd1 Ng3+ 23. Kg1
$1 ({Of course, to capture is deadly dangerous:} 23. hxg3 Bxg3) 23... Bxf5 24.
Bd3 (24. Ne4 {would be too complicated:} b5 25. Nxg3 Bxb1 26. Na3 fxg3 27. Nxb1
) 24... Rc8 25. Rb3 {A typical move in this variation - to protect the third
rank.} ({Kasimdzhanov had to calculate the tempting} 25. Rf2 Bxd3 26. Qxd3 Nf5
27. Rc2 Nd4 28. Rbb2 b5 29. Na3 Nxc2 30. Rxc2) 25... Rxc4 $5 (25... Bxd3 {
would be equivalent to resignation:} 26. Qxd3 Nxf1 27. Kxf1 Qc7 28. Nd2) 26.
Bxc4 Qb6+ 27. Rf2 Rc8 {Pity, but there were no dangerous knight moves.} 28. Na4
$1 Qa7 29. Nc5 $1 {This move decides the game.} Nh5 30. Rd2 (30. Re2 {is more
exact. The next white moves are not the only ones, though they are sufficient
to win the game.}) 30... b5 31. Ra3 Qb8 32. Bd3 dxc5 33. Bxf5 gxf5 34. bxc5 b4
35. Ra1 Rxc5 36. Bb2 Bd8 37. Ra6 Kg8 38. Qa4 Rb5 39. Ra8 Qb6+ 40. Kf1 1-0

[Event "Olympiad-41"]
[Site "Tromsoe"]
[Date "2014.08.05"]
[Round "4.1"]
[White "Kasimdzhanov, Rustam"]
[Black "Naiditsch, Arkadij"]
[Result "1-0"]
[WhiteElo "2700"]
[BlackElo "2709"]
[Annotator "Szabo,Kr"]
[PlyCount "81"]
[EventDate "2014.08.02"]
[EventType "team-swiss"]
[EventRounds "11"]
[EventCountry "NOR"]
[SourceTitle "CBM 162"]
[Source "ChessBase"]
[SourceDate "2014.09.17"]
[SourceVersion "1"]
[SourceVersionDate "2014.09.17"]
[SourceQuality "1"]
[WhiteTeam "Uzbekistan"]
[BlackTeam "Germany"]
[WhiteTeamCountry "UZB"]
[BlackTeamCountry "GER"]

1. d4 Nf6 2. c4 g6 3. Nc3 Bg7 4. e4 d6 5. Nf3 O-O 6. Be2 e5 7. O-O Nc6 8. d5
Ne7 9. b4 Nh5 10. Re1 c6 {Actually this is a rare move.} (10... a5) (10... Nf4)
({and} 10... f5 {are much more common.}) 11. dxc6 bxc6 12. b5 {A logical
decision. White is fighting for the d5-square.} Nf4 13. Bxf4 exf4 14. Qd2 $146
{A novely by Kasimdzhanov.} (14. Rc1 Bg4 15. e5 (15. Qd2 Bxf3 16. Bxf3 Be5 {
and Black looks OK.}) 15... dxe5 16. Nxe5 Qxd1 (16... Bxe5 $6 17. Bxg4 Qxd1 18.
Bxd1 $14 {and White had a comfortable position, Evdokimov-Amonatov, Sochi 2005.
}) 17. Bxd1 Bxd1 18. Rcxd1 Rfe8 $11 {with a balanced endgame.}) 14... a6 (14...
Bg4 $5 {was an interesting option,} 15. Nd4 (15. Rac1 {transposes to 14.Rc1.})
15... Bxe2 16. Ndxe2 cxb5 17. cxb5 Rc8 $13 {with a balanced position.}) 15.
Rac1 axb5 16. cxb5 Qa5 17. Red1 {A very good move. The R wasn't useful on e1,
now the d6 P is under pressure.} Bxc3 18. Qxc3 Qxc3 19. Rxc3 Rxa2 20. Bf1 d5 (
20... cxb5 $2 {does not work, because of} 21. Rc7 $1 {the N can't play} Re8 22.
Bxb5 $18 {and White is winning.}) 21. exd5 cxd5 22. Rc7 $1 Nf5 23. Rxd5 {
White has a virtual P up, but still Black has some counterplay, especially in
a practical game.} Be6 (23... Ra1 24. Rdc5 $14 {followed by Rc1.}) 24. Rd1 Rb2
25. Rcc1 {White prepares for Rb1.} Rb8 26. Ng5 ({The immediate} 26. Rb1 Rxb1
27. Rxb1 f6 {is still not easy for White.}) 26... Bb3 (26... Ba2 $5 {was
interesting to avoid Rb1,} 27. Ne4 Kg7 28. Nc5 Rc8 {and White is slightly
better, but still Black tries to hold on.}) 27. Rb1 $1 Rxb1 28. Rxb1 Nd4 29. f3
h6 30. Ne4 Rc8 31. Nd6 (31. b6 Rb8) 31... Rb8 32. Ne4 Rc8 33. Nd6 Rb8 34. Rb2
$5 {After a repetition, Kasimdzhanov continues the game with another move,
with which he sets a trap.} Kf8 35. Ne4 Rc8 $2 {On the 32th move this was good,
but now thanks to a tactical trick, it does not work.} (35... Ke7 {was tougher}
36. Nc5 Be6 37. Rb4 Rc8 {and Black is still fighting.}) 36. b6 $1 Bd5 ({
The natural} 36... Rb8 $2 {does not work because of} 37. Nc5 $1 $18 {and Black
loses. This was the point of White's trick.}) 37. b7 Rb8 38. Nc5 Bc6 39. Rb4
Nf5 (39... Ne6 40. Rb6 $1 Nxc5 41. Rxc6 Nxb7 42. Rb6 $18 {followed by Ba6.})
40. Rb6 Ne7 41. Bb5 1-0